000 01234nam a2200277 a 4500
001 81972
003 BD-RjUL
005 20230924120412.0
008 230924s2021 ii ||||| |||| 00| 0 ben d
020 _a9788195208630 (Vol. 1)
020 _a9788195208623 (Vol. 2)
035 _a(BD-RjUL)81972
040 _aBD-RjUL
_beng
_cBD-RjUL
041 _aben
082 _223
_a294.5922
_bBAR 2021
100 _aবাল্মীকি
_99143
245 _aরামায়ণম /
_cবাল্মীকি ; অনুবাদ আলোচানা সম্পাদনা ধ্যানেশনারায়ণ চক্রবর্তী
250 _aতথাগত সং.
260 _aকলকাতা :
_bতথাগত,
_c২০২১
300 _aখণ্ড;
_c২৪ সেমি.
505 0 1 _aখণ্ড ১ম (আদি, অযোধ্যা, অরণ্য ও কিষ্কিন্ধা কাণ্ড) -- খণ্ড ২য় (সুন্দর, যুদ্ধ ও উত্তর কাণ্ড)--
650 _aরামায়ণ
_99144
650 _aRamayana
_99145
700 _aচক্রবর্তী, ধ্যানেশনারায়ণ
_99146
942 _2ddc
_cBK
999 _c81972
_d81972